Investigación de mercados (Registro nro. 41078)

Detalles MARC
000 -ENCABEZADO
Número de control [NR] 00937nam a2200277Ia 4500
005 - FECHA Y HORA DE LA ÚLTIMA TRANSACCIÓN
control field 20211105120417.0
008 - DE LONGITUD FIJA DE DATOS DE ELEMENTOS - INFORMACIÓN GENERAL
Elementos de longitud fija [NR] 130821s2011 ck a gr spa
020 ## - NUMERO INTERNACIONAL NORMALIZADO PARA LIBROS [R]
Número Internacional Normalizado del libro [NR] 9789587621631 (2a.Ed.)
020 ## - NUMERO INTERNACIONAL NORMALIZADO PARA LIBROS [R]
Número Internacional Normalizado del libro [NR] 9789588675916
040 ## - FUENTE DE CATALOGACION [NR]
Agencia de catalogación original [NR] Co-BoUCM
Idioma de catalogación [NR] spa
Quien Cataloga Saul Niño (Modificó)
Quien Clasifica [Nuevo]
041 00 - CODIGO DE IDIOMA [R]
Código de idioma para texto/pista de sonido o título separado [R] Español
100 1# - ASIENTO PRINCIPAL--NOMBRE PERSONAL [NR]
Nombre personal [NR] Plazas Rojas, Fabio
ID Autoridad 91442
245 10 - MENCION DE TITULO [NR]
Título [NR] Investigación de mercados
Parte restante del título [NR] un enfoque gerencial
Mención de responsabilidad, etc. [NR] Fabio Plazas Rojas
250 ## - MENCION DE EDICION [NR]
Mención de edición [NR] Segunda edición
260 ## - PUBLICACION, DISTRIBUCION, ETC. (PIE DE IMPRENTA) [R]
Lugar de publicación, distribución, etc. [R] Bogotá (Colombia)
Nombre del editor, distribuidor, etc. [R] Ediciones de la U
Fecha de publicación, distribución, etc. [R] 2013
300 ## - DESCRIPCION FISICA [R]
Extensión [R] 186 páginas
Otros detalles físicos [NR] gráficas, tablas
490 0# - MENCION DE SERIE [R]
Mención de serie [R] Mercadeo
490 0# - MENCION DE SERIE [R]
Mención de serie [R] Marketing
650 04 - ASIENTO SECUNDARIO DE MATERIA - TERMINO TEMATICO [R]
Término temático o nombre geográfico como elemento de entrada [NR] Administración de empresas
9 (RLIN) 435
650 04 - ASIENTO SECUNDARIO DE MATERIA - TERMINO TEMATICO [R]
Término temático o nombre geográfico como elemento de entrada [NR] Análisis de mercadeo
9 (RLIN) 8962
650 04 - ASIENTO SECUNDARIO DE MATERIA - TERMINO TEMATICO [R]
Término temático o nombre geográfico como elemento de entrada [NR] Comportamiento del consumidor
9 (RLIN) 11290
650 04 - ASIENTO SECUNDARIO DE MATERIA - TERMINO TEMATICO [R]
Término temático o nombre geográfico como elemento de entrada [NR] Mercadeo
Subdivisión general [R] Investigaciones
9 (RLIN) 38377
650 04 - ASIENTO SECUNDARIO DE MATERIA - TERMINO TEMATICO [R]
Término temático o nombre geográfico como elemento de entrada [NR] Publicidad
9 (RLIN) 22914
942 ## - ELEMENTOS DE ENTRADA AGREGADOS (KOHA)
Tipo de ítem principal el descrito en 300a Libro
Tema principal Administración
Edición 2
Parte restante de la signatura top. P723i
Sistema de clasificación DEWEY
Clasificación 658.83
Existencias
Fecha de último préstamo Total préstamos Signatura topográfica Código de barras Última vez visto Ejemplar Price effective from Tipo de ítem Perdido Sistema de clasificación Dañado No prestable Tipo de ítem específico Suprimido Ubicación habitual Ubicación actual Localización Fecha de creación Forma de adquisición Costo Total Renewals Volúmen / Fascículo Costo de reposición Proveedor
29/08/2018 3 658.83 P723i 100131354 04/12/2025 Ej.1 03/02/2013 Libro   DEWEY     Libro   Claustro Claustro 4to piso 28/02/2013 Compra 27000.00        
28/08/2018 7 658.83 P723i 100131353 04/12/2025 Ej.2 03/02/2013 Libro   DEWEY     Libro   Claustro Claustro 4to piso 28/02/2013 Compra 27000.00 3      
09/10/2018 5 658.83 P723i 100156530 04/12/2025 Ej.4 14/02/2018 Libro   DEWEY     Libro   Claustro Claustro 4to piso 14/02/2018 Compra 27038.00 4 2a.Ed. 27038.00 37
28/08/2018 1 658.83 P723i 100156527 04/12/2025 Ej.1 14/02/2018 Libro de reserva   DEWEY     Libro de reserva   Claustro Claustro 4to piso 14/02/2018 Compra 27038.00   2a.Ed. 27038.00 37
15/11/2019 8 658.83 P723i 100156528 04/12/2025 Ej.2 14/02/2018 Libro   DEWEY     Libro   Claustro Claustro 4to piso 14/02/2018 Compra 27038.00 1 2a.Ed. 27038.00 37
04/02/2019 9 658.83 P723i 100156531 04/12/2025 Ej.5 14/02/2018 Libro   DEWEY     Libro   Claustro Claustro 4to piso 14/02/2018 Compra 27038.00 7 2a.Ed. 27038.00 37
09/10/2018 9 658.83 P723i 100156529 04/12/2025 Ej.3 14/02/2018 Libro   DEWEY     Libro   Claustro Claustro 4to piso 14/02/2018 Compra 27038.00 2 2a.Ed. 27038.00 37